Iglesia Católica y comunismo ateo
Guardat en:
| Autor principal: | |
|---|---|
| Format: | Llibre |
| Idioma: | espanyol |
| Publicat: |
Madrid
Rialp
1965
|
| Edició: | 2a. ed |
| Col·lecció: | Colección Patmos. Libros de Espiritualidad, 103
|
| Matèries: | |
| Etiquetes: |
Afegir etiqueta
Sense etiquetes, Sigues el primer a etiquetar aquest registre!
|
MARC
| LEADER | 00000nam a2200000 a 4500 | ||
|---|---|---|---|
| 001 | UCX5132 | ||
| 003 | CL-VaPUC | ||
| 008 | 920924e19650000SP |||||||||||||||||spa|d | ||
| 082 | 0 | 4 | |a 261.7 |b GUE |2 21 |
| 100 | |a Guerry, Emile Maurice |e author |9 480254 | ||
| 245 | 1 | 0 | |a Iglesia Católica y comunismo ateo |
| 250 | |a 2a. ed | ||
| 300 | |a 316 p | ||
| 942 | |c BK | ||
| 945 | |d 19920924 00:00:00 | ||
| 260 | |a Madrid |b Rialp |c 1965 | ||
| 650 | 7 | |a COMUNISMO Y CRISTIANISMO |2 CL-VaPUC |9 321456 | |
| 650 | 0 | |a Iglesia católica y problemas sociales |9 255796 | |
| 583 | |a last modification |c 19920924 00:00:00 |k Rodrigo Vera | ||
| 490 | 0 | |a Colección Patmos. Libros de Espiritualidad, 103 | |
| 999 | |c 225461 |d 225459 | ||
| 952 | |0 0 |1 0 |4 0 |6 261_700000000000000_GUE_1965 |7 0 |8 A |9 223002 |a BIBEDU |b BIBEDU |d 2019-11-15 |i 2918102 |o 261.7 GUE 1965 |p 2918102 |r 2019-11-15 |w 2019-11-15 |y BK |k FIL | ||